[Event "II C.to Italiano U21"]
[Site "Rimini ITA"]
[Date "1994.07.??"]
[Round "?"]
[White "Agosto, Erika"]
[Black "Lavieri, Doriano"]
[Result "1/2-1/2"]
[WhiteElo "1761"]
[BlackElo "1918"]
[PlyCount "53"]
[EventDate "1994.07.??"]

1. e4 c6 2. d4 d5 3. exd5 cxd5 4. c4 Nf6 5. Nc3 e6 6. Bf4 Nc6 7. a3 dxc4 8. Nf3
Nd5 9. Bd2 Be7 10. Bxc4 Nxc3 11. Bxc3 Bf6 12. O-O O-O 13. Qd3 Ne7 14. Rfe1 Nd5
15. Bd2 b6 16. Ne5 Bb7 17. Rac1 Rc8 18. Bb5 Bxe5 19. dxe5 Qe7 20. Qg3 Kh8 21.
Bd3 Rxc1 22. Rxc1 Rc8 23. Rxc8+ Bxc8 24. Qh3 g6 25. Be4 Bb7 26. Qh6 Kg8 27. h4
1/2-1/2

[Event "II C.to Italiano U21"]
[Site "Rimini ITA"]
[Date "1994.07.??"]
[Round "?"]
[White "Agosto, Erika"]
[Black "Pirpamer, Klaus"]
[Result "0-1"]
[WhiteElo "1761"]
[BlackElo "1729"]
[PlyCount "88"]
[EventDate "1994.07.??"]

1. e4 e5 2. Nf3 Nc6 3. Nc3 Bc5 4. Be2 d6 5. d3 h6 6. h3 Nf6 7. O-O Be6 8. a3 a5
9. Be3 Ba7 10. Bxa7 Nxa7 11. d4 exd4 12. Nxd4 Bd7 13. f4 O-O 14. e5 dxe5 15.
fxe5 Nh7 16. Bc4 Qe7 17. Nf3 Nc6 18. Kh1 Rad8 19. Qe2 Be6 20. Bd3 Ng5 21. Rae1
Nxf3 22. Qxf3 Qh4 23. Re4 Qg5 24. h4 Qe7 25. Qe3 Bc8 26. Re1 Bf5 27. Rf4 Bxd3
28. cxd3 Qd7 29. Rd1 Nd4 30. Ne2 c5 31. Nxd4 cxd4 32. Qg3 Kh8 33. Rdf1 Rde8 34.
Re4 Re6 35. Qg4 Rd8 36. Rff4 Qe7 37. Rxd4 Rxd4 38. Rxd4 Rxe5 39. Re4 Rxe4 40.
Qxe4 Qxe4 41. dxe4 g5 42. hxg5 hxg5 43. Kh2 Kg7 44. g3 a4 0-1

[Event "II C.to Italiano U21"]
[Site "Rimini ITA"]
[Date "1994.07.??"]
[Round "?"]
[White "Bartolini, Tommaso"]
[Black "Agosto, Erika"]
[Result "1-0"]
[WhiteElo "2090"]
[BlackElo "1761"]
[PlyCount "83"]
[EventDate "1994.07.??"]

1. d4 d5 2. Nf3 e6 3. c4 Nf6 4. Nc3 Be7 5. Bg5 b6 6. cxd5 exd5 7. e3 Bb7 8. Bd3
Nbd7 9. Qc2 c5 10. O-O O-O 11. Ne5 h6 12. Bh4 a6 13. Rad1 c4 14. Bf5 Re8 15.
Qe2 Nf8 16. f4 b5 17. a3 Ne4 18. Nxe4 dxe4 19. Bxe7 Qxe7 20. Qc2 f6 21. Ng6
Nxg6 22. Bxg6 Red8 23. Qe2 Bd5 24. Qh5 Rac8 25. Bf5 Bf7 26. Qe2 Rc7 27. Qc2 Bd5
28. Qc3 Kf7 29. Rc1 g6 30. Bg4 f5 31. Be2 Rdc8 32. Qa5 Rc6 33. Rc2 Qc7 34. Qb4
Qe7 35. Qc3 Qd6 36. Kh1 h5 37. g3 Kf6 38. h3 Qd7 39. Kg1 Rh8 40. Bd1 Kf7 41.
Rg2 Be6 42. d5 1-0

[Event "II C.to Italiano U21"]
[Site "Rimini ITA"]
[Date "1994.07.??"]
[Round "?"]
[White "Bartolini, Tommaso"]
[Black "Castiglione, Umberto"]
[Result "1/2-1/2"]
[WhiteElo "2090"]
[BlackElo "1840"]
[PlyCount "28"]
[EventDate "1994.07.??"]

1. d4 Nf6 2. Bg5 e6 3. Nf3 Be7 4. e3 b6 5. Nbd2 Bb7 6. Bd3 O-O 7. c3 d6 8. Qe2
c5 9. Bxf6 Bxf6 10. h4 Nd7 11. Bxh7+ Kxh7 12. Ng5+ Kh6 13. Qd3 Bxg5 14. hxg5+
Kxg5 1/2-1/2

[Event "II C.to Italiano U21"]
[Site "Rimini ITA"]
[Date "1994.07.??"]
[Round "?"]
[White "Bartolini, Tommaso"]
[Black "Oberrauch, Martin"]
[Result "0-1"]
[WhiteElo "2090"]
[BlackElo "1600"]
[PlyCount "112"]
[EventDate "1994.07.??"]

1. d4 d5 2. Bg5 Nf6 3. Bxf6 exf6 4. e3 Bb4+ 5. c3 Bd6 6. Bd3 O-O 7. Qc2 h6 8.
Nd2 b6 9. Ngf3 Be6 10. O-O Nd7 11. Rfe1 c5 12. Rad1 Qc7 13. h3 Rfd8 14. a3 Kh8
15. Rc1 Qb7 16. Nf1 Nf8 17. Qb1 c4 18. Bf5 g6 19. Bxe6 Nxe6 20. g3 f5 21. N1d2
b5 22. b4 Kg7 23. Qb2 a5 24. h4 axb4 25. axb4 Ra6 26. Ra1 Rda8 27. Rxa6 Qxa6
28. Rc1 Qa2 29. Qxa2 Rxa2 30. Kf1 Kf6 31. Ke1 Nc7 32. Kd1 Ke6 33. Rc2 Rxc2 34.
Kxc2 f6 35. Kd1 g5 36. Ke2 Kf7 37. Kf1 Ne8 38. Nb1 Ke6 39. Na3 Nc7 40. Kg2 Kf7
41. Nd2 Ke6 42. f3 Be7 43. Kh3 h5 44. hxg5 fxg5 45. g4 fxg4+ 46. fxg4 h4 47. e4
dxe4 48. Nxe4 Kd5 49. Nf2 Bd6 50. Kg2 Bf4 51. Kf3 Bc1 52. Nc2 Kc6 53. Ne3 Bxe3
54. Kxe3 Nd5+ 55. Kd2 Nf4 56. Ke3 Nd3 0-1

[Event "II C.to Italiano U21"]
[Site "Rimini ITA"]
[Date "1994.07.??"]
[Round "?"]
[White "Bednarich, Jan"]
[Black "Agosto, Erika"]
[Result "1-0"]
[WhiteElo "1947"]
[BlackElo "1761"]
[PlyCount "51"]
[EventDate "1994.07.??"]

1. e4 e5 2. Nf3 d6 3. d4 exd4 4. Qxd4 Nf6 5. Bg5 Be7 6. Nc3 Be6 7. O-O-O Nc6 8.
Qd2 h6 9. Be3 a6 10. Nd4 Qd7 11. f3 Nxd4 12. Bxd4 b5 13. Kb1 Bc4 14. Bxc4 bxc4
15. Nd5 Rb8 16. Bxf6 Bxf6 17. Nxf6+ gxf6 18. Qc3 Qe6 19. Rd5 Kd7 20. Qxc4 Rb6
21. Qc3 Rhb8 22. b3 Rc6 23. Qd2 Rg8 24. g4 Rg5 25. h4 Rg6 26. Rh5 1-0

[Event "II C.to Italiano U21"]
[Site "Rimini ITA"]
[Date "1994.07.??"]
[Round "?"]
[White "Bednarich, Jan"]
[Black "Lavieri, Doriano"]
[Result "1-0"]
[WhiteElo "1947"]
[BlackElo "1918"]
[PlyCount "69"]
[EventDate "1994.07.??"]

1. e4 c6 2. d4 d5 3. Nc3 dxe4 4. Nxe4 Bf5 5. Ng3 Bg6 6. h4 h6 7. N1e2 Nf6 8.
Nf4 Bh7 9. Bc4 e6 10. Qe2 Nd5 11. Bb3 Bb4+ 12. Kf1 Nxf4 13. Bxf4 Bd6 14. Be5
Bxe5 15. dxe5 Nd7 16. Nh5 Rg8 17. Rh3 Qe7 18. Kg1 O-O-O 19. a4 Kb8 20. a5 Qc5
21. Re3 g5 22. Ra4 gxh4 23. a6 h3 24. g3 b5 25. Rf4 Bf5 26. Rxf5 exf5 27. Bxf7
Rgf8 28. e6 Rxf7 29. exf7 Kc7 30. Nf4 Nf8 31. Re8 Qd6 32. Qe3 c5 33. b4 Qc6 34.
Qe5+ Kc8 35. Qe7 1-0

[Event "II C.to Italiano U21"]
[Site "Rimini ITA"]
[Date "1994.07.??"]
[Round "?"]
[White "Bednarich, Jan"]
[Black "Mascellani, Marco"]
[Result "1-0"]
[WhiteElo "1947"]
[BlackElo "1869"]
[PlyCount "91"]
[EventDate "1994.07.??"]

1. e4 c5 2. Nf3 e6 3. d4 cxd4 4. Nxd4 Nc6 5. Nb5 Nf6 6. N1c3 Bb4 7. a3 Bxc3+ 8.
Nxc3 Qa5 9. Bd2 O-O 10. Bd3 Qb6 11. O-O d5 12. exd5 Nxd5 13. Nxd5 exd5 14. Qh5
f5 15. Qf3 Be6 16. Rae1 Rae8 17. Bc3 Kh8 18. Rxe6 Rxe6 19. Qxd5 Ne7 20. Qf3 Qc6
21. Qh3 Rh6 22. Qg3 Rg6 23. Qh3 Nd5 24. Bd2 h6 25. Re1 Re6 26. Rxe6 Qxe6 27.
Qf3 Qe5 28. h3 b6 29. g3 f4 30. Kg2 Rd8 31. Bc1 fxg3 32. Qxg3 Qxg3+ 33. Kxg3
Kg8 34. Bd2 Kf7 35. Kf3 Ke6 36. Kg4 Ke5 37. f4+ Kd4 38. f5 Rf8 39. Kh5 Rd8 40.
Kg6 Rd7 41. Bb5 Rc7 42. c4 Ne7+ 43. Kxg7 Nxf5+ 44. Kg6 Ke4 45. Bc3 Kf4 46. Kh5
1-0

[Event "II C.to Italiano U21"]
[Site "Rimini ITA"]
[Date "1994.07.??"]
[Round "?"]
[White "Bednarich, Jan"]
[Black "Tencati, Giuseppe"]
[Result "0-1"]
[WhiteElo "1947"]
[BlackElo "1720"]
[PlyCount "98"]
[EventDate "1994.07.??"]

1. e4 e6 2. d4 d5 3. Nc3 Nf6 4. e5 Nfd7 5. f4 c5 6. Nf3 Nc6 7. Be3 Qb6 8. a3
cxd4 9. Nxd4 Bc5 10. Na4 Qa5+ 11. c3 Bxd4 12. Bxd4 Nxd4 13. Qxd4 b6 14. Qb4
Qxb4 15. axb4 a5 16. bxa5 bxa5 17. Kd2 Ba6 18. Ra3 Ke7 19. Kc2 f6 20. exf6+
gxf6 21. Bxa6 Rxa6 22. Rb3 Kd6 23. Rb7 Rc8 24. Re1 e5 25. fxe5+ fxe5 26. Re3
Kc6 27. Rb3 Rg8 28. g3 Rf8 29. Re2 Raa8 30. Ra3 Rf1 31. b3 Raf8 32. Ra2 e4 33.
Nb2 R8f2 34. Kd2 Nc5 35. Ra3 Rxe2+ 36. Kxe2 Rh1 37. Ke3 Rxh2 38. Nd1 Rg2 39.
Kf4 Nd3+ 40. Kg4 Re2 41. b4 axb4 42. cxb4 d4 43. Kf5 Re1 44. Ra7 Rxd1 45. Kxe4
Nxb4 46. Rxh7 d3 47. Rh6+ Kc5 48. Rh2 Kc4 49. g4 Kc3 0-1

[Event "II C.to Italiano U21"]
[Site "Rimini ITA"]
[Date "1994.07.??"]
[Round "?"]
[White "Calavalle, Giulio"]
[Black "Castiglione, Umberto"]
[Result "0-1"]
[WhiteElo "1708"]
[BlackElo "1840"]
[PlyCount "32"]
[EventDate "1994.07.??"]

1. e4 c5 2. Nf3 d6 3. d4 cxd4 4. Nxd4 Nf6 5. Nc3 a6 6. Be2 e5 7. Nb3 Be7 8. Be3
Be6 9. g4 h6 10. Rg1 Nbd7 11. Qd2 Qc7 12. O-O-O O-O-O 13. f3 Nb6 14. Nd5 Nfxd5
15. exd5 Nxd5 16. Ba7 Bg5 0-1

[Event "II C.to Italiano U21"]
[Site "Rimini ITA"]
[Date "1994.07.??"]
[Round "?"]
[White "Calavalle, Giulio"]
[Black "Lavieri, Doriano"]
[Result "1-0"]
[WhiteElo "1708"]
[BlackElo "1918"]
[PlyCount "143"]
[EventDate "1994.07.??"]

1. e4 c6 2. d4 d5 3. exd5 cxd5 4. Bd3 Nc6 5. c3 g6 6. Bf4 Bg7 7. Nd2 Nh6 8. Ne2
Nf5 9. Ng3 Nd6 10. Nf3 O-O 11. Qd2 Re8 12. O-O-O Qa5 13. Kb1 b5 14. Rhe1 Bg4
15. Bxd6 Bxf3 16. Bb4 Nxb4 17. cxb4 Qb6 18. gxf3 a5 19. Bc2 e6 20. Ne2 Bf8 21.
bxa5 Rxa5 22. Bb3 Rea8 23. Nc1 b4 24. Qg5 Bg7 25. Qe3 Qd6 26. Nd3 Qb6 27. Nc1
Qd6 28. h3 Qf8 29. Re2 Bh6 30. f4 Qb8 31. Qe5 Qb5 32. Rc2 Qb6 33. Qc7 Qxc7 34.
Rxc7 Bxf4 35. Rb7 Rb8 36. Rxb8+ Bxb8 37. Nd3 Bd6 38. Rc1 Ra6 39. Bd1 Kg7 40.
Bf3 Rb6 41. Be2 h5 42. Rc5 Bxc5 43. dxc5 Rb8 44. c6 Kf6 45. Nxb4 Ke7 46. Ba6
Kd6 47. Bb7 g5 48. Na6 g4 49. h4 f5 50. c7 Rf8 51. c8=Q Rxc8 52. Bxc8 f4 53.
Bxe6 Kxe6 54. Nc5+ Kf5 55. Nd3 g3 56. fxg3 fxg3 57. Ne1 Kf4 58. Kc1 Ke3 59. Kd1
d4 60. a4 d3 61. a5 d2 62. Ng2+ Kf3 63. a6 Kxg2 64. a7 Kh2 65. a8=Q g2 66.
Qxg2+ Kxg2 67. b4 Kg3 68. b5 Kxh4 69. b6 Kg3 70. b7 h4 71. b8=Q+ Kg2 72. Qb7+
1-0

[Event "II C.to Italiano U21"]
[Site "Rimini ITA"]
[Date "1994.07.??"]
[Round "?"]
[White "Calavalle, Giulio"]
[Black "Mascellani, Marco"]
[Result "1/2-1/2"]
[WhiteElo "1708"]
[BlackElo "1869"]
[PlyCount "20"]
[EventDate "1994.07.??"]

1. e4 e5 2. Nf3 d6 3. d4 exd4 4. Nxd4 c6 5. Nc3 Nf6 6. Be2 g6 7. Be3 Bg7 8. f3
O-O 9. Qd2 Bd7 10. g4 a6 1/2-1/2

[Event "II C.to Italiano U21"]
[Site "Rimini ITA"]
[Date "1994.07.??"]
[Round "?"]
[White "Castiglione, Umberto"]
[Black "Oberrauch, Martin"]
[Result "0-1"]
[WhiteElo "1840"]
[BlackElo "1600"]
[PlyCount "79"]
[EventDate "1994.07.??"]

1. e4 Nf6 2. e5 Nd5 3. d4 d6 4. c4 Nb6 5. exd6 exd6 6. Nc3 Be7 7. Qf3 Nc6 8.
Be3 Bf6 9. O-O-O O-O 10. Nh3 Be6 11. b3 Qc8 12. Be2 a5 13. Nf4 Bf5 14. h4 a4
15. g4 Bd7 16. Nh5 Bd8 17. g5 Bf5 18. Ng3 Ne7 19. Nxf5 Nxf5 20. Bd3 Nxe3 21.
fxe3 axb3 22. axb3 c6 23. Kb2 Qe6 24. Rdf1 d5 25. c5 Nd7 26. e4 Ba5 27. exd5
Bxc3+ 28. Kxc3 cxd5 29. Re1 Qc6 30. Bc2 b6 31. b4 bxc5 32. bxc5 g6 33. Rh2 Ra3+
34. Bb3 Nxc5 35. dxc5 Qxc5+ 36. Kb2 Rb8 37. Qxd5 Qxd5 38. Re8+ Kg7 39. Rxb8
Rxb3+ 40. Rxb3 0-1

[Event "II C.to Italiano U21"]
[Site "Rimini ITA"]
[Date "1994.07.??"]
[Round "?"]
[White "Collutiis, Duilio"]
[Black "Bednarich, Jan"]
[Result "1-0"]
[WhiteElo "1705"]
[BlackElo "1947"]
[PlyCount "83"]
[EventDate "1994.07.??"]

1. e4 c5 2. Bc4 e6 3. Qe2 a6 4. a4 Be7 5. d3 d5 6. Bb3 Nc6 7. c3 Nf6 8. Bc2
dxe4 9. dxe4 O-O 10. Nf3 e5 11. O-O h6 12. Rd1 Qc7 13. Nbd2 Rd8 14. Nf1 Rxd1
15. Qxd1 Be6 16. Qe2 c4 17. Ne3 Na5 18. Nf5 Bf8 19. Be3 Ng4 20. h3 Nxe3 21.
Nxe3 Rd8 22. Nd5 Qb8 23. Rd1 b5 24. axb5 axb5 25. Nh2 Nc6 26. Nf1 Bc5 27. Nfe3
Ne7 28. b4 cxb3 29. Bxb3 Ng6 30. Rb1 Qa7 31. Qxb5 Rb8 32. Qd3 Nf4 33. Qc2 Qd7
34. Nxf4 Rxb3 35. Rxb3 exf4 36. Rb8+ Kh7 37. e5+ g6 38. Ng4 Bxg4 39. hxg4 Qxg4
40. Qd3 Qh4 41. Qf3 Qg5 42. Qd5 1-0

[Event "II C.to Italiano U21"]
[Site "Rimini ITA"]
[Date "1994.07.??"]
[Round "?"]
[White "Collutiis, Duilio"]
[Black "Mola, Pietro"]
[Result "1-0"]
[WhiteElo "1705"]
[BlackElo "2175"]
[PlyCount "69"]
[EventDate "1994.07.??"]

1. e4 c5 2. Bc4 d6 3. d3 g6 4. c3 Bg7 5. f4 Nc6 6. Bb3 e6 7. Nf3 Nge7 8. O-O d5
9. Qe2 O-O 10. Bc2 b6 11. Nbd2 Bb7 12. Re1 Qc7 13. Nf1 d4 14. c4 a6 15. e5 b5
16. N1d2 Nb4 17. Bb3 Qb6 18. a3 Nbc6 19. Ne4 Na5 20. Ba2 bxc4 21. Bxc4 Nxc4 22.
dxc4 Bxe4 23. Qxe4 Rfd8 24. Qd3 Rab8 25. Nd2 h5 26. Ne4 Nf5 27. Rb1 a5 28. b3
Qc6 29. Bd2 Ra8 30. g3 Bf8 31. h3 Be7 32. g4 hxg4 33. hxg4 Nh6 34. Qf3 Qd7 35.
Qh3 1-0

[Event "II C.to Italiano U21"]
[Site "Rimini ITA"]
[Date "1994.07.??"]
[Round "?"]
[White "Collutiis, Duilio"]
[Black "Oberrauch, Martin"]
[Result "1/2-1/2"]
[WhiteElo "1705"]
[BlackElo "1600"]
[PlyCount "25"]
[EventDate "1994.07.??"]

1. e4 Nf6 2. Nc3 d5 3. e5 Nfd7 4. f4 e6 5. Nf3 c5 6. g3 Nc6 7. Bg2 Be7 8. d3 a6
9. O-O O-O 10. Re1 b5 11. h4 Nb6 12. Nb1 Bb7 13. Nbd2 1/2-1/2

[Event "II C.to Italiano U21"]
[Site "Rimini ITA"]
[Date "1994.07.??"]
[Round "?"]
[White "Collutiis, Duilio"]
[Black "Tencati, Giuseppe"]
[Result "1-0"]
[WhiteElo "1705"]
[BlackElo "1720"]
[PlyCount "59"]
[EventDate "1994.07.??"]

1. e4 e6 2. d4 d5 3. e5 c5 4. Qg4 Nc6 5. Nf3 cxd4 6. Bd3 Qc7 7. Qg3 Nge7 8. O-O
Ng6 9. Re1 f5 10. a3 a5 11. b3 b6 12. h4 Bc5 13. h5 Nf8 14. Bf4 Qe7 15. Nbd2
Nd7 16. b4 axb4 17. axb4 Rxa1 18. Rxa1 Nxb4 19. Ra8 O-O 20. Bg5 Qf7 21. Bh6 Be7
22. Bb5 Nc5 23. Nxd4 Kh8 24. Bg5 Bxg5 25. Qxg5 Ba6 26. Rxf8+ Qxf8 27. c3 Nbd3
28. Bxa6 Nxa6 29. Nxe6 Qf7 30. h6 1-0

[Event "II C.to Italiano U21"]
[Site "Rimini ITA"]
[Date "1994.07.??"]
[Round "?"]
[White "De Val, Daniele"]
[Black "Maio, Matteo"]
[Result "1/2-1/2"]
[WhiteElo "1723"]
[BlackElo "1771"]
[PlyCount "55"]
[EventDate "1994.07.??"]

1. d4 Nc6 2. e4 e5 3. d5 Nce7 4. c4 d6 5. Nc3 f5 6. Bd3 g6 7. Nge2 Bg7 8. Be3
Nh6 9. f3 c5 10. a3 fxe4 11. Nxe4 Nhf5 12. Bd2 O-O 13. O-O Nd4 14. b4 b6 15.
bxc5 bxc5 16. Rb1 Nef5 17. Bg5 Qc7 18. Qc1 Bd7 19. Qc3 h6 20. Bd2 Nxe2+ 21.
Bxe2 Nd4 22. Bd3 Bf5 23. Rfe1 Rab8 24. Qa5 Qe7 25. Qa6 Nb3 26. Ba5 Qd7 27. Bc2
Nd4 28. Bd3 1/2-1/2

[Event "II C.to Italiano U21"]
[Site "Rimini ITA"]
[Date "1994.07.??"]
[Round "?"]
[White "Giordani, Marco"]
[Black "De Val, Daniele"]
[Result "1-0"]
[WhiteElo "2034"]
[BlackElo "1723"]
[PlyCount "39"]
[EventDate "1994.07.??"]

1. e4 d6 2. d4 e5 3. Nf3 Bg4 4. dxe5 Bxf3 5. Qxf3 dxe5 6. Bc4 Nf6 7. Qb3 Bc5 8.
Bxf7+ Kf8 9. Qxb7 Kxf7 10. Qxa8 Qc8 11. O-O Rd8 12. b4 Qa6 13. bxc5 Nc6 14.
Qxd8 Nxd8 15. Nc3 Ne6 16. Bb2 Nd4 17. f4 exf4 18. Rxf4 Ke6 19. e5 Nxc2 20. exf6
1-0

[Event "II C.to Italiano U21"]
[Site "Rimini ITA"]
[Date "1994.07.??"]
[Round "?"]
[White "Giordani, Marco"]
[Black "Isonzo, David"]
[Result "1/2-1/2"]
[WhiteElo "2034"]
[BlackElo "2124"]
[PlyCount "33"]
[EventDate "1994.07.??"]

1. e4 c5 2. Nf3 d6 3. d4 cxd4 4. Nxd4 Nf6 5. Nc3 a6 6. Be2 e5 7. Nb3 Be7 8. Be3
Be6 9. O-O Nbd7 10. a4 Qc7 11. f4 O-O 12. f5 Bc4 13. g4 h6 14. Rf2 Bxe2 15.
Qxe2 Nb6 16. h4 d5 17. a5 1/2-1/2

[Event "II C.to Italiano U21"]
[Site "Rimini ITA"]
[Date "1994.07.??"]
[Round "?"]
[White "Giordani, Marco"]
[Black "Sardo, Andrea"]
[Result "1-0"]
[WhiteElo "2034"]
[BlackElo "1725"]
[PlyCount "53"]
[EventDate "1994.07.??"]

1. e4 c5 2. Nf3 Nc6 3. d4 cxd4 4. Nxd4 Nf6 5. Nc3 e5 6. Ndb5 d6 7. a4 a6 8. Na3
Be7 9. Be2 O-O 10. Be3 Be6 11. O-O d5 12. exd5 Nxd5 13. Nxd5 Bxd5 14. Nc4 Bxc4
15. Bxc4 Rc8 16. c3 Na5 17. Bd5 Nc4 18. Bxb7 Nxe3 19. Qxd8 Rfxd8 20. fxe3 Rb8
21. Bxa6 Rxb2 22. Rad1 Rdd2 23. Rxd2 Rxd2 24. Bc4 Bf6 25. a5 Rd8 26. a6 h6 27.
a7 1-0

[Event "II C.to Italiano U21"]
[Site "Rimini ITA"]
[Date "1994.07.??"]
[Round "?"]
[White "Isonzo, David"]
[Black "Bednarich, Jan"]
[Result "1-0"]
[WhiteElo "2124"]
[BlackElo "1947"]
[PlyCount "79"]
[EventDate "1994.07.??"]

1. e4 c5 2. Nf3 e6 3. d4 cxd4 4. Nxd4 a6 5. c4 g6 6. Nc3 d6 7. Be3 Nf6 8. f3
Nbd7 9. Qd2 Qc7 10. Rc1 b6 11. Be2 Bb7 12. O-O Bg7 13. Rfd1 Rd8 14. Nc2 Ne5 15.
Na4 Qb8 16. Bxb6 Rd7 17. Be3 O-O 18. b3 Re8 19. Nd4 Rdd8 20. h3 Nh5 21. Bf2 f5
22. exf5 gxf5 23. Bh4 Nf6 24. Nc3 Ng6 25. Bg5 Qa7 26. Kh1 Qc5 27. b4 Qc8 28.
Nb3 Ne5 29. Na5 Ba8 30. Na4 Qc7 31. a3 Qf7 32. c5 Bd5 33. c6 Qh5 34. c7 Rc8 35.
Nb6 Nfg4 36. Nxd5 Nf2+ 37. Kg1 Nxh3+ 38. gxh3 Qxh3 39. Nf4 Qg3+ 40. Ng2 1-0

[Event "II C.to Italiano U21"]
[Site "Rimini ITA"]
[Date "1994.07.??"]
[Round "?"]
[White "Isonzo, David"]
[Black "Collutiis, Duilio"]
[Result "1/2-1/2"]
[WhiteElo "2124"]
[BlackElo "1705"]
[PlyCount "134"]
[EventDate "1994.07.??"]

1. e4 c5 2. Nf3 Nc6 3. d3 d6 4. g3 g6 5. Bg2 Bg7 6. O-O Nf6 7. Nbd2 O-O 8. Re1
e5 9. a4 Ne8 10. Nc4 b6 11. c3 a6 12. Bg5 f6 13. Be3 Be6 14. Qe2 Rc8 15. h4 b5
16. axb5 axb5 17. Na3 Nc7 18. d4 cxd4 19. cxd4 exd4 20. Nxd4 Nxd4 21. Bxd4 Qd7
22. Bf1 b4 23. Nc2 b3 24. Ne3 Ra8 25. Qd3 d5 26. exd5 Nxd5 27. Bg2 Rxa1 28.
Rxa1 Nxe3 29. Qxe3 Bh6 30. Qc3 Rc8 31. Ra8 Rxa8 32. Bxa8 f5 33. Bc6 Qc8 34. Bd5
Qd7 35. Bxb3 Qf7 36. Bxe6 Qxe6 37. b3 Bf8 38. Qc4 Qxc4 39. bxc4 Kf7 40. Kf1 Ke6
41. Ke2 Be7 42. Kd3 h5 43. Be3 Bf6 44. Bd4 Be7 45. Ke3 Bd6 46. c5 Bc7 47. Kd3
Kd5 48. Be3 Be5 49. Ke2 Bg7 50. Kf3 Bf8 51. c6 Kxc6 52. Kf4 Be7 53. Ke5 Kd7 54.
Bg5 Bc5 55. Kf6 Bxf2 56. Bf4 Bd4+ 57. Kxg6 Ke6 58. Kxh5 Kf6 59. Bc7 Be3 60.
Bd8+ Kf7 61. Bg5 Bd4 62. Kh6 Bg7+ 63. Kh7 Be5 64. Bf4 Bf6 65. Kh6 Be7 66. h5
Bf6 67. Bb8 Be7 1/2-1/2

[Event "II C.to Italiano U21"]
[Site "Rimini ITA"]
[Date "1994.07.??"]
[Round "?"]
[White "Isonzo, David"]
[Black "De Val, Daniele"]
[Result "1-0"]
[WhiteElo "2124"]
[BlackElo "1723"]
[PlyCount "45"]
[EventDate "1994.07.??"]

1. e4 e5 2. Nf3 Nc6 3. Bb5 a6 4. Bxc6 dxc6 5. O-O Bg4 6. h3 Bxf3 7. Qxf3 Qf6 8.
Qg3 Bc5 9. d3 Ne7 10. Be3 Bd6 11. Nd2 Ng6 12. Qf3 Qxf3 13. Nxf3 O-O 14. d4 f6
15. dxe5 fxe5 16. Nd2 Rad8 17. Rad1 Rf7 18. Nc4 h6 19. g3 b5 20. Na5 Ne7 21. c4
bxc4 22. Nxc4 g5 23. Nxe5 1-0

[Event "II C.to Italiano U21"]
[Site "Rimini ITA"]
[Date "1994.07.??"]
[Round "?"]
[White "Lavieri, Doriano"]
[Black "Castiglione, Umberto"]
[Result "0-1"]
[WhiteElo "1918"]
[BlackElo "1840"]
[PlyCount "86"]
[EventDate "1994.07.??"]

1. d4 Nf6 2. c4 g6 3. Nc3 Bg7 4. e4 d6 5. Nf3 O-O 6. Be2 e5 7. O-O Nc6 8. d5
Ne7 9. Ne1 Nd7 10. Nd3 f5 11. Bd2 Nf6 12. f3 f4 13. g4 fxg3 14. hxg3 Kh8 15.
Kg2 Neg8 16. Rh1 Rf7 17. Be3 Qf8 18. Qd2 Nh5 19. Rh2 Bh6 20. Bxh6 Nxh6 21. g4
Nf4+ 22. Nxf4 exf4 23. Rah1 Nxg4 24. fxg4 Qe7 25. Bf3 Qg5 26. Rh4 Qe5 27. Ne2
Kg8 28. Qd4 Qg5 29. Kf1 b6 30. Qf2 Qe5 31. Nc3 a6 32. Qh2 h5 33. Qe2 b5 34.
gxh5 g5 35. Rg4 Bxg4 36. Bxg4 f3 37. Qe3 b4 38. Nd1 Rf4 39. Be6+ Kh8 40. Bf5
Re8 41. Kf2 g4 42. Rg1 Rxf5 43. exf5 Qh2+ 0-1

[Event "II C.to Italiano U21"]
[Site "Rimini ITA"]
[Date "1994.07.??"]
[Round "?"]
[White "Lavieri, Doriano"]
[Black "Mazzei, Alessandro"]
[Result "0-1"]
[WhiteElo "1918"]
[BlackElo "1917"]
[PlyCount "72"]
[EventDate "1994.07.??"]

1. d4 Nf6 2. c4 e6 3. Nf3 b6 4. a3 Ba6 5. Qc2 Bb7 6. Nc3 c5 7. e4 cxd4 8. Nxd4
d6 9. Be2 Be7 10. O-O a6 11. Be3 Nbd7 12. f3 O-O 13. Rfd1 Qc7 14. Rac1 Rac8 15.
Bf1 Rfe8 16. Qf2 Qb8 17. Nb3 Bd8 18. Rc2 Bc7 19. g3 Qa8 20. Rcd2 Ne5 21. Be2
Bb8 22. Qf1 Nfd7 23. f4 Ng6 24. Qf2 Nc5 25. Nxc5 bxc5 26. Bf3 Ne7 27. Qg2 Nf5
28. Bf2 Nd4 29. Kf1 Nxf3 30. Qxf3 f5 31. Qe2 fxe4 32. Re1 d5 33. Na4 Ba7 34.
cxd5 exd5 35. Rc2 d4 36. Qc4+ Bd5 0-1

[Event "II C.to Italiano U21"]
[Site "Rimini ITA"]
[Date "1994.07.??"]
[Round "?"]
[White "Maio, Matteo"]
[Black "Agosto, Erika"]
[Result "1-0"]
[WhiteElo "1771"]
[BlackElo "1761"]
[PlyCount "91"]
[EventDate "1994.07.??"]

1. g4 c6 2. Bg2 d5 3. h3 e5 4. d3 Bc5 5. e4 Be6 6. Nd2 Ne7 7. Ne2 Ng6 8. Nf3
dxe4 9. Ng5 e3 10. Nxe6 exf2+ 11. Kf1 fxe6 12. Ng3 O-O 13. Qe2 Nd7 14. g5 Qe7
15. Be4 Qf7 16. h4 Nf4 17. Qg4 Rfe8 18. h5 Nf8 19. Rh4 g6 20. Bxf4 exf4 21.
hxg6 Nxg6 22. Bxg6 hxg6 23. Ne4 Be7 24. Kxf2 Kg7 25. Qxf4 Rh8 26. Qxf7+ Kxf7
27. Rah1 Kg7 28. Rxh8 Rxh8 29. Rxh8 Kxh8 30. Kg3 Kg7 31. Kf4 Kf7 32. Ke5 b5 33.
c4 b4 34. c5 a5 35. a3 b3 36. Kd4 Bf8 37. Kc4 a4 38. Kb4 Bg7 39. Kxa4 Bxb2 40.
Kxb3 Be5 41. a4 Bc7 42. Kb4 Ke8 43. a5 Kd8 44. Nd6 Bb8 45. Kc4 e5 46. Nf7+ 1-0

[Event "II C.to Italiano U21"]
[Site "Rimini ITA"]
[Date "1994.07.??"]
[Round "?"]
[White "Maio, Matteo"]
[Black "Isonzo, David"]
[Result "0-1"]
[WhiteElo "1771"]
[BlackElo "2124"]
[PlyCount "38"]
[EventDate "1994.07.??"]

1. f4 Nf6 2. Nf3 g6 3. b3 Bg7 4. Bb2 O-O 5. e3 d6 6. d3 e5 7. fxe5 Ng4 8. Qe2
Nc6 9. Nbd2 Nb4 10. O-O-O Nxa2+ 11. Kb1 Nb4 12. exd6 Bxb2 13. Kxb2 Qxd6 14. Ne4
Qb6 15. h3 Nxe3 16. Rc1 a5 17. d4 Nxf1 18. Rhxf1 a4 19. Ra1 Bf5 0-1

[Event "II C.to Italiano U21"]
[Site "Rimini ITA"]
[Date "1994.07.??"]
[Round "?"]
[White "Maio, Matteo"]
[Black "Pirpamer, Klaus"]
[Result "1-0"]
[WhiteElo "1771"]
[BlackElo "1729"]
[PlyCount "79"]
[EventDate "1994.07.??"]

1. d4 Nf6 2. c4 e6 3. Bf4 Bb4+ 4. Nc3 c5 5. e3 O-O 6. Bd3 cxd4 7. exd4 Bxc3+ 8.
bxc3 b6 9. Nf3 d6 10. Bg5 Bb7 11. O-O Nbd7 12. Re1 Qc7 13. h3 Rac8 14. Nh2 h6
15. Bh4 Ba6 16. Re3 Bxc4 17. Bc2 Nd5 18. Rg3 Nf4 19. Kh1 f5 20. Qd2 e5 21. dxe5
dxe5 22. Be7 Nh5 23. Rg6 Kh7 24. Rd6 Nc5 25. Bxf8 Rxf8 26. Ng4 e4 27. Ne3 Bd3
28. Rd5 Qf4 29. Bd1 Qg5 30. g4 Nf4 31. Rxf5 Qh4 32. Rxf8 Nxh3 33. Kg2 Ne6 34.
Nd5 Nxf8 35. Qe3 Ng5 36. Nf4 Nd7 37. Nxd3 Nf6 38. Nf4 Nxg4 39. Qg3 Nf3 40. Qxh4
1-0

[Event "II C.to Italiano U21"]
[Site "Rimini ITA"]
[Date "1994.07.??"]
[Round "?"]
[White "Maio, Matteo"]
[Black "Schacher, Gerd"]
[Result "0-1"]
[WhiteElo "1771"]
[BlackElo "2215"]
[PlyCount "60"]
[EventDate "1994.07.??"]

1. e4 c5 2. d4 cxd4 3. c3 dxc3 4. Nxc3 Nc6 5. Nf3 e6 6. Bc4 d6 7. O-O Nf6 8.
Qe2 Be7 9. Rd1 Qc7 10. Nb5 Qb8 11. Bf4 e5 12. Bg5 a6 13. Nc3 Be6 14. Nd5 Qd8
15. Bxf6 Bxf6 16. Nxf6+ Qxf6 17. Rd2 O-O 18. Rad1 Rfd8 19. a3 Bg4 20. Rd3 Nd4
21. Qe3 Rac8 22. Bd5 Rc2 23. Ng5 Re2 24. Bxf7+ Kh8 25. Qg3 Qxg5 26. h3 Qf6 27.
Qxg4 Qxf7 28. Rf1 Rxb2 29. f4 Qc4 30. Qh4 Rg8 0-1